000 00206 a2200097 4500
001 42111
100 _aHayes, L D
245 _aPolitics in Pakistan
260 _a
_bWehster Press
_c
090 _c26113
_d26113
942 _aNUST-CAE
_cM
_c17907
999 _c277184
_d277184